طبیعیات (حصہ اول) / (Record no. 172133)

MARC details
000 -LEADER
fixed length control field 00641nam a22001937a 4500
005 - DATE AND TIME OF LATEST TRANSACTION
control field 20200129111905.0
010 ## - LCCN (DPL NO)
LC control number A-564414
020 ## - INTERNATIONAL STANDARD BOOK NUMBER
Terms of availability 6.10
035 ## - SYSTEM CONTROL NUMBER
System control number A-564414
037 ## - SOURCE OF ACQUISITION
Source of stock number/acquisition BPPD
082 ## - DEWEY DECIMAL CLASSIFICATION NUMBER
Classification number 530
100 ## - MAIN ENTRY--PERSONAL NAME
Personal name وی-ایس-بھسین
245 ## - TITLE STATEMENT
Title طبیعیات (حصہ اول) /
Statement of responsibility, etc وی-ایس-بھسین
246 ## - VARYING FORM OF TITLE
Title proper/short title Tabaiyat (Physics): Secondary School ke Liye Nasabi Kitab /
Remainder of title by V. S. Bhasin
260 ## - PUBLICATION, DISTRIBUTION, ETC. (IMPRINT)
Place of publication, distribution, etc New Delhi
Name of publisher, distributor, etc National Council of Educational Research and Training
Date of publication, distribution, etc 1985 ء
270 ## - ADDRESS
Address Sri Aurobindo Marg
City New Delhi
Postal code 110016
300 ## - PHYSICAL DESCRIPTION
Extent 162p.
Dimensions 23cm(Hb)
942 ## - ADDED ENTRY ELEMENTS (KOHA)
Source of classification or shelving scheme Dewey Decimal Classification
Item type Urdu Bks
Classification part 530
Call number suffix ب ھ س
Holdings
Withdrawn status Lost status Not for loan Collection code Home library Current library Date acquired Source of acquisition Cost, normal purchase price Full call number Barcode Copy number Cost, replacement price Koha item type
      Non-fiction Central Library Central Library 28/01/2020 BPPD/Ven. 6.10 530 ب ھ س A-564414 1 6.10 Urdu Bks

© Delhi Public Library
Hit Counter
free hit counter